| 000 -Etiqueta do registo | |
|---|---|
| campo de controlo de comprimento fixo | 005880000a22001930004500 |
| 001 - Identificador do registo | |
| Campo de controlo | 5134 |
| 100 ## - Dados Gerais de Proc. | |
| Dados gerais de processamento | 20001031d1986 k y0pory5003 ba |
| 101 0# - Língua da publicação | |
| Língua do texto, banda sonora, etc. | Português |
| 102 ## - País de Publicação | |
| País de publicação | Portugal |
| 200 1# - Título | |
| Título próprio | A dama pé-de-cabra |
| Primeira menção de responsabilidade | Alexandre Herculano |
| Outras menções de responsabilidade | pref. Agustina Bessa Luis |
| 210 ## - Publicação, Distribuição | |
| Lugar da edição, distribuição, etc. | Lisboa |
| Nome do editor, distribuidor, etc. | Rolim |
| Data da publicação, distribuição, etc. | 1986 |
| 215 ## - Descrição física | |
| Descrição física | 58 p. |
| 225 2# - Colecção | |
| Título próprio da colecção | Fantástico |
| Indicação de volume | 24 |
| 675 ## - CDU | |
| Notação | 869.0-3 |
| Edição | BN |
| Língua da edição | Português |
| 700 #1 - Responsabilidade principal | |
| Koha Internal Code | 48870 |
| Palavra de ordem | Herculano |
| Outra parte do nome | Alexandre |
| Datas | 1810-1877 |
| 702 #1 - Responsabilidade secundária | |
| Koha Internal Code | 28754 |
| Palavra de ordem | Luís |
| Outra parte do nome | Agustina Bessa |
| Datas | 1922-2019 |
| Código de função | Autor da apresentação |
| 090 ## - Números de controlo do sistema (Koha) | |
| Número biblioitem do Koha (gerado automaticamente) | 5134 |
| 942 ## - Elementos de entrada adicionados (Koha) | |
| Tipo de item no Koha | Monografias |
| Suprimido | Disponível no OPAC |
| 999 ## - Campo local | |
| Campo local | 5134 |
| Perdido (estado) | Data de aquisição | Origem do registo (biblioteca) (codificado) | Código da organização que empresta ou é detentora (biblioteca) | Código de barras | Cota | Tipo de circulação (não pode ser emprestado) | Tipo de item e material |
|---|---|---|---|---|---|---|---|
| Disponível | 2000-10-31 | Biblioteca Municipal Álvaro de Campos | Biblioteca Municipal Álvaro de Campos | BMTAV16739 | R3 HER-D | Normal | Monografias |